000 00709nam a2200205 i 4500
001 60743
003 ES-MaACL
005 20250717081027.0
007 t|
008 031106q1903 sp ||||1| spa d
100 1 _aEstopiñá Cayetano, Luis.
_948182
245 1 3 _aLa gastrostomía en el tratamiento de las estrecheces del esófago /
_cpor Luis Estopiñá Cayetano.
260 _aValencia :
_bSanchis Torres y Sanchis,
_c[1903?]
300 _a24 p. ;
_c21 cm.
500 _aPrecede al tit: Universidad Central. Facultad de Medicina.
502 _aTesis de Doctorado.
710 2 _aUniversidad Central (Madrid).
_bFacultad de Medicina
_97093
852 _aES-MaACL
_jT-1227-F-1
999 _c60743
_d60743